Mapa de uso actual y cobertura vegetal de los suelos departamento de Cundinamarca (Registro nro. 17544)

Detalles MARC
000 -CABECERA
Campo de control 00902nam a22002537a 4500
005 - FECHA Y HORA DE LA ULTIMA TRANSACCION
Campo de control 20200104041730.0
008 - ELEMENTOS DE LONGITUD FIJA—INFORMACION GENERAL
Campo de control 150708b2003 ck |||||r||||o00| 0 spa d
040 ## - FUENTE DE CATALOGACIÓN
Agencia catalogadora original CO-BoIAVH
Agencia transcriptora CO-BoIAVH
041 0# - IDIOMA
Código de idioma para texto/pista de sonido o título separado Español
044 ## - PAÍS DE PUBLICACIÓN
País de publicación Colombia
082 #4 - NUMERO DE CLASIFICACION DECIMAL DEWEY
Número de clasificación 345.3
Número del ítem G57m
111 1# - ASIENTO PRINCIPAL--NOMBRE DE REUNION
Nombre de reunión o de jurisdicción como elemento de entrada Memorias
Lugar de la reunión Bogotá D.C.
Fecha de la reunión Diciembre 2013
9 (RLIN) 35738
245 1# - MENCION DE TITULO
Título Mapa de uso actual y cobertura vegetal de los suelos departamento de Cundinamarca
Parte restante del título a escala 1 : 25.000- Memorias Bogotá, D. C., Diciembre de 2003
260 3# - PUBLICACION, DISTRIBUCION, ETC. (PIE DE IMPRENTA)
Lugar de publicación, distribución, etc. Bogotá:
Nombre del editor, distribuidor, etc. Gobernación de Cundinamarca,
Fecha de publicación, distribución, etc. 2003.
300 ## - DESCRIPCION FISICA
Extensión 103 p,
Otros detalles físicos map. il. col.
Dimensiones 28 cm.
Material acompañante 1 CD-ROM
500 ## - NOTA GENERAL
Nota general Incluye Anexos.
650 #4 - ASIENTO SECUNDARIO DE MATERIA - TERMINO TEMATICO
Término temático o nombre geográfico como elemento de entrada Suelos
9 (RLIN) 287
650 #4 - ASIENTO SECUNDARIO DE MATERIA - TERMINO TEMATICO
Término temático o nombre geográfico como elemento de entrada Ecología de suelos
9 (RLIN) 93213
650 #4 - ASIENTO SECUNDARIO DE MATERIA - TERMINO TEMATICO
Término temático o nombre geográfico como elemento de entrada Cobertura de suelos
9 (RLIN) 35741
651 #4 - ASIENTO SECUNDARIO DE MATERIA - NOMBRE GEOGRAFICO
Nombre geográfico Colombia
Subdivisión de forma Cundinamarca
9 (RLIN) 35742
700 1# - ASIENTO SECUNDARIO - NOMBRE PERSONAL
Nombre personal Sierra Gomez, Onofre
9 (RLIN) 35401
700 1# - ASIENTO SECUNDARIO - NOMBRE PERSONAL
Nombre personal Bahamon Calderón, Isauro
9 (RLIN) 35402
942 ## - ELEMENTOS ADICIONALES (KOHA)
Sistema de clasificación Dewey Decimal Classification
Tipo de ítem Libro
Koha issues (borrowed), all copies 1
Existencias
Withdrawn status Lost status Sistema de Clasificación Damaged status No para préstamo Colección Inventariado Ubicación Permanente Ubicación actual Fecha de adquisición Fuente de Valor Valor Total Checkouts Número topográfico Inventario / Código de Barras Date last seen Date checked out Ejemplar Price effective from Forma de adquisición Tipo de material Public note
    Dewey Decimal Classification     General Inventariado 2017 Bogotá Bogotá 08/07/2015 Instituto 15000.00 3 LB-345.3 G57m 038893 25/09/2018 25/09/2018 Ej. 1 08/07/2015   Libro Incluye CD-ROM con anexos (Cod. 042043).